00573nam a22001817a 450000500170000002000260001703500130004303700120005608200140006810000170008224500630009925000110016226000470017327001080022030000270032850000190035571000170037420170412170552.0 a9789350358238c375.00 aB-667527 bKBD/Ven a346.54054 aKumar, H. L.00aMake your will yourself /cby H. L. Kumar and Gaurav Kumar a7th ed aNew DelhibUniversal Law Publishing c2016 aC-FF-1A, Dilkhush Industrial Estate, (Near Azadpur Metro Station) G.T. Karnal Road bNew Delhie110033 axxxvi,322p.c22cm(pbk) aIncludes index aGaurav Kumar